Poet Mičel (Ispanija)
Uložené v:
| Korporatívny autor: | |
|---|---|
| Ďalší autori: | |
| Médium: | Zvuková nahrávka |
| Jazyk: | Spanish |
| Vydané: |
Moskva :
Melodija,
1981.
|
| Fyzický popis: |
1 gramofónová platňa : 33 stereo, analog. |
| Tagy: |
Pridať tag
Žiadne tagy, Buďte prvý kto otaguje tento záznam!
|
Titul je dostupný aj v ... 

MARC
| LEADER | 00000njm a2200000 a 4500 | ||
|---|---|---|---|
| 001 | 000438721 | ||
| 003 | SVKKK | ||
| 005 | 20131009072030.0 | ||
| 008 | 131009s1981 ru spa d | ||
| 028 | 0 | 1 | |a Gost 5289-73/S60-14499-500 |b Melodija |
| 040 | |a SVKKK |b slo |c SVKKK |e AACR2 | ||
| 041 | 0 | |a spa | |
| 044 | |a ru |c RU | ||
| 245 | 0 | 0 | |a Poet Mičel (Ispanija) |h zvukový záznam |
| 260 | |a Moskva : |b Melodija, |c 1981. | ||
| 300 | |a 1 gramofónová platňa : |b 33 stereo, analog. | ||
| 505 | 0 | |t Pesnja družby -- |t Ljubov i želanije -- |t Ljubov svobodna -- |t Kuda ideš -- |t Besame mučo -- |t Ljubov, ljubov -- |t Lico cyganki -- |t le Ljublju, ljublju -- |t Ni boľše, ni meňše -- |t Kogda ja s toboj | |
| 511 | 0 | |a Mičel i Instrumentalnyj ansambl´Chuana Riga | |
| 700 | 1 | |a Mičel |4 sng | |
| 710 | 2 | |a Instrumentaľnyj ansambl´Chuan Rigo |4 prf | |
| 910 | |a svkkk | ||
| 998 | |a AM | ||
| 090 | |g SCKHL |k Sklad Pribinova 1. posch. |a IIIG.3727 |j 5367 |i 2720350538 |s Prezenčne CD, DVD | ||
| 924 | |a LP | ||
| 924 | |a AVM | ||